Lanean...
Nalla Malayalam
| Egile nagusia: | |
|---|---|
| Formatua: | Printed Book |
| Argitaratua: |
Kottayam
The Author
1983
|
| Gaiak: |
| LEADER | 00511nam a2200181 4500 | ||
|---|---|---|---|
| 020 | |||
| 082 | |a 494.812 VAS | ||
| 100 | |a Vasudeva Bhattathiri, C. V. | ||
| 245 | |a Nalla Malayalam |h Malayalam | ||
| 250 | |||
| 260 | |a Kottayam |b The Author |c 1983 | ||
| 300 | |a 169 P |b PB |f Book | ||
| 500 | |||
| 650 | |a Malayalam, Linguistics, Phonetics | ||
| 700 | |||
| 942 | |c TB | ||
| 999 | |c 267226 |d 267226 | ||
| 952 | |0 0 |1 0 |4 0 |6 494_812000000000000_VAS |7 0 |9 283947 |a LIN |b LIN |d 2007-07-09 |l 0 |o 494.812 VAS |p LIN6991 |r 2020-02-06 |w 2020-02-06 |y TB | ||